Catálogo público

Plantas nocivas y como combatirlas / (Record no. 206689)

MARC details
000 -CABECERA
campo de control de longitud fija 00847nam a2200289Ia 4500
001 - NÚMERO DE CONTROL
campo de control Para_7670
003 - IDENTIFICADOR DEL NÚMERO DE CONTROL
campo de control CHAP
008 - DATOS DE LONGITUD FIJA--INFORMACIÓN GENERAL
campo de control de longitud fija 220125s1982 xx 000 0 und d
010 ## - NÚMERO DE CONTROL DE LA BIBLIOTECA DEL CONGRESO
Número de control de LC 206689
040 ## - FUENTE DE LA CATALOGACIÓN
Centro/agencia transcriptor CHAP
082 ## - NÚMERO DE LA CLASIFICACIÓN DECIMAL DEWEY
Número de clasificación PA 632.9 C65y
110 ## - ENTRADA PRINCIPAL--NOMBRE DE ENTIDAD CORPORATIVA
Nombre de entidad corporativa o nombre de jurisdicción como elemento de entrada National Academy of Sciences (Washington)
9 (RLIN) 172816
245 ## - MENCIÓN DE TÍTULO
Título Plantas nocivas y como combatirlas /
Mención de responsabilidad, etc. por NAS
260 ## - PUBLICACIÓN, DISTRIBUCIÓN, ETC.
Lugar de publicación, distribución, etc. México :
Nombre del editor, distribuidor, etc. Limusa
300 ## - DESCRIPCIÓN FÍSICA
Extensión 574 p.
440 ## - MENCIÓN DE SERIE/PUNTO DE ACCESO ADICIONAL--TÍTULO
Título Control de plagas de plantas y animales; 2
9 (RLIN) 173000
650 ## - PUNTO DE ACCESO ADICIONAL DE MATERIA--TÉRMINO DE MATERIA
Término de materia o nombre geográfico como elemento de entrada Agricultura
Subdivisión general plagas
-- colecciones de escritos
9 (RLIN) 172999
650 ## - PUNTO DE ACCESO ADICIONAL DE MATERIA--TÉRMINO DE MATERIA
Término de materia o nombre geográfico como elemento de entrada Malas hierbas
Subdivisión general control
9 (RLIN) 70011
650 ## - PUNTO DE ACCESO ADICIONAL DE MATERIA--TÉRMINO DE MATERIA
Término de materia o nombre geográfico como elemento de entrada Plantas parásitas
9 (RLIN) 89080
901 ## - ELEMENTOS DE DATOS A LOCAL LDA (RLIN)
a PA 632.9 C65Y
902 ## - ELEMENTOS DE DATOS B LOCAL, LDB (RLIN)
a A
905 ## - ELEMENTOS DE DATOS E LOCAL, LDE (RLIN)
a 0000001982 0000000000 00
910 ## - DATOS DE OPCIÓN DEL USUARIO (OCLC)
Datos de opción del usuario 1982
942 ## - ELEMENTOS DE PUNTO DE ACCESO ADICIONAL (KOHA)
Tipo de ítem Koha Parasitologia_
942 ## - ELEMENTOS DE PUNTO DE ACCESO ADICIONAL (KOHA)
Tipo de ítem Koha Parasitologia_
-- 1
Holdings
Estado de retiro Estado de pérdida Fuente del sistema de clasificación o colocación Estado dañado Restricciones de uso No para préstamo Código de colección Localización permanente Ubicación/localización actual Fecha de adquisición Número de inventario Total de préstamos Signatura topográfica completa Código de barras Fecha visto por última vez Número de copia Precio válido a partir de Tipo de ítem Koha Nota pública
    Dewey Decimal Classification   Préstamo interno   General Parasitologia Agricola Parasitologia Agricola 27/10/2005 (PA_4345) (No. UACh C/E)   PA 632.9 C65y V.2 4102002530 25/01/2022 Ej.1 25/01/2022 Libro 3
    Dewey Decimal Classification   Préstamo 3 días   General Parasitologia Agricola Parasitologia Agricola 27/10/2005 (PA_4346) (No. UACh C/E)   PA 632.9 C65y V.2 4102002531 25/01/2022 Ej.2 25/01/2022 Libro 3
    Dewey Decimal Classification   Préstamo 3 días   General Parasitologia Agricola Parasitologia Agricola 27/10/2005 (PA_4347) (No. UACh C/E)   PA 632.9 C65y V.2 4102002532 25/01/2022 Ej.3 25/01/2022 Libro 3
    Dewey Decimal Classification   Préstamo 3 días   General Parasitologia Agricola Parasitologia Agricola 27/10/2005 (PA_4348) (No. UACh C/E)   PA 632.9 C65y V.2 4102002533 25/01/2022 Ej.4 25/01/2022 Libro 3